| 000 | 00896nam a2200241 u 4500 | ||
|---|---|---|---|
| 001 | 000528388 | ||
| 003 | AM-YeHGA | ||
| 005 | 20250617135227.0 | ||
| 008 | 070327s1973 ||||||||||||||||||||rus d | ||
| 040 | _aAM-YeHGA | ||
| 041 | 1 |
_arus _heng |
|
| 100 | 1 | _aНиеми, Кирсти Мария | |
| 245 | 1 | 0 |
_aДоброкачественные фиброгистиоцитарные опухоли кожи : _bПер. с англ. / _cПер. А.С. Рабена; Под ред. А.К. Апатенко . |
| 246 | 1 | _aThe benign fibrohistiocytic tumours of the skin | |
| 260 |
_aМосква : _bМедицина, _c1973. |
||
| 300 |
_a112 с. : _bил. |
||
| 650 | 1 | 4 | _aДерматология |
| 650 | 1 | 4 | _aОпухоли кожи |
| 650 | 1 | 4 | _aМорфология |
| 700 | 1 |
_aРабена, А.С. _eпер. _4trl |
|
| 700 | 1 |
_aАпатенко, А.К. _eред. _4edt |
|
| 090 | _c197478 | ||
| 999 |
_c195999 _d195999 |
||